000 00490nam a2200181Ia 4500
005 20250508150151.0
008 008 250505s9999 xx 000 0 eng d
037 _aTextual
040 _aFEDL
_beng
_cFEDL
041 _aeng
_2eng
084 _a157.9, GLA
_qFEDL
245 0 _aPhilosophy of insanity
260 _aLondon, UK
_bThe Fireside Press
_c1947
300 _axii,116p.
650 _aAbnormal Psychology
942 _cTEXL
_h157.9, GLA
999 _c1322150
_d1322150